Реклама в туризме: учебное пособие

Dettagli Bibliografici
Autore principale: Дурович А. П. Александр Петрович
Riassunto:Излагаются современные концепции, методические основы и практические рекомендации по осуществлению рекламной деятельности в туризме. Особое внимание уделяется рекламным технологиям, позволяющим достичь высокой степени эффективности. Предназначено для студентов высших учебных заведений, слушателей учреждений последипломного образования, практических работников туристской индустрии.
Lingua:russo
Pubblicazione: Москва, Инфра-М, 2014
Edizione:5-е изд., перераб. и доп.
Serie:Высшее образование. Бакалавриат
Soggetti:
Natura: MixedMaterials Libro
KOHA link:https://koha.lib.tpu.ru/cgi-bin/koha/opac-detail.pl?biblionumber=241765

MARC

LEADER 00000nam0a2200000 4500
001 241765
005 20231101231836.0
010 |a 9785160037080 
035 |a (RuTPU)RU\TPU\book\263053 
035 |a RU\TPU\book\118878 
035 |a RU\TPU\book\145290 
035 |a RU\TPU\book\196008 
090 |a 241765 
100 |a 20070219d2014 m y0rusy50 ca 
101 0 |a rus 
102 |a RU 
105 |a a j 001zy 
200 1 |a Реклама в туризме  |e учебное пособие  |f А. П. Дурович 
205 |a 5-е изд., перераб. и доп. 
210 |a Москва  |c Инфра-М  |d 2014 
215 |a 158 с.  |c ил. 
225 1 |a Высшее образование. Бакалавриат 
320 |a Библиогр.: с. 154-155. 
330 |a Излагаются современные концепции, методические основы и практические рекомендации по осуществлению рекламной деятельности в туризме. Особое внимание уделяется рекламным технологиям, позволяющим достичь высокой степени эффективности. Предназначено для студентов высших учебных заведений, слушателей учреждений последипломного образования, практических работников туристской индустрии. 
451 1 |0 (RuTPU)RU\TPU\book\118878  |y 5-94735-113-7  |t Реклама в туризме  |o учебное пособие  |f А. П. Дурович  |e 3-е изд., стер.  |c М.  |n Новое знание  |d 2006  |p 254 с.  |a Дурович, Александр Петрович 
606 1 |a Реклама  |2 stltpush  |3 (RuTPU)RU\TPU\subj\24860  |9 49135 
606 1 |a Туризм  |x Экономика  |2 stltpush  |3 (RuTPU)RU\TPU\subj\53770  |9 71935 
610 1 |a туристическая деятельность 
610 1 |a маркетинг 
610 1 |a бюджет 
610 1 |a туристические предприятия 
610 1 |a национальный продукт 
610 1 |a рекламные исследования 
610 1 |a туристская дестинация 
610 1 |a учебные пособия 
675 |a 659(075.8)  |v 3 
686 |a У9(2)43я73  |v LBC/SL-A  |2 rubbk 
700 1 |a Дурович  |b А. П.  |g Александр Петрович 
801 1 |a RU  |b 63413507  |c 20130819 
801 2 |a RU  |b 63413507  |c 20150707  |g RCR 
900 |a Реклама в туризме 
942 |c BK 
951 |b 100103 
955 |l 8 
959 |a 109/20130819  |d 7  |e 229,90  |f ЧЗГЛ:1  |f АНЛ:1  |f УФ:5